000 00634nam a2200205Ia 4500
001 b5124-33837
003 IT-MiCISF
008 161014s9999||||xx |||||||||||||| ||und||
040 _aIT-MiCISF
_cIT-MiCISF
041 _ait
100 _aCristiani Corinna
245 0 _aLa conquista del sè
_bAttaccamento e separazione nel ciclo di vita
250 _a1a ed.
260 _a Milano
_bUnicopli
_c1992
300 _app. 288
500 _aGattico E., Riva Crugnola C. / famiglia, genitorialità, nascita, psicoanalisi, periodo-neonatale, famiglia-unipersonale /
650 _afamiglia
942 _cBK
957 _71
999 _a33837
_bsi
_g1
_c212059
_d212059